000 00412nam a2200157Ia 4500
008 240729s9999 xx 000 0 und d
022 _a2731-913X
245 0 _aBMC Global and Public Health
260 _aUnited Kingdom
260 _bBMC
650 _a Public aspects of medicine
650 _aMedicine
856 _uhttps://doaj.org/toc/af488985fa564575bd391537e7e584a4
942 _2ddc
942 _cDOAJEJ
999 _c74469
_d74469
945 _a1
_bMadushi Gamage
_c1
_dMadushi Gamage